Bulletin /

Bibliographic Details
New Title:Bulletin (Hawaii Water Authority)
Uniform Title:Bulletin (Hawaii. Division of Hydrography)
Corporate Authors: Hawaii. Division of Hydrography, Geological Survey (U.S.)
Format: Serial
Language:English
Published: [Honolulu] : Territory of Hawaii, Department of Public Lands, Division of Hydrography : Distributed by the U.S. Geological Survey, 1935-1960.
Subjects:
Online Availability: Check for online availability

MARC

Tag First Indicator Second Indicator Subfields
LEADER 00000cas a2200000 a 4500
001 in00000035687
005 20170928131512.0
008 790608d19351960hiuuu m s0 a0eng c
010 |a sf 86005000   |z sn 83009131  
016 7 |a 011732288  |2 Uk 
019 |a 1321463  |a 10556913  |a 10556921  |a 30571455  |a 30748845 
022 |a 0149-2764  |l 0149-2764  |z 0096-1825  |2 1 
029 1 |a NZ1  |b 4916691 
029 1 |a AU@  |b 000004796006 
029 1 |a AU@  |b 000044819533 
029 1 |a NZ1  |b 12421796 
035 |a (OCoLC)ocm01321450 
035 |a (OCoLC)1321450  |z (OCoLC)1321463  |z (OCoLC)10556913  |z (OCoLC)10556921  |z (OCoLC)30571455  |z (OCoLC)30748845 
040 |a UDI  |b eng  |c UDI  |d NSD  |d OCL  |d NSD  |d HUL  |d OCL  |d DLC  |d NST  |d OCLCQ  |d EYM  |d CRU  |d OCLCQ  |d UKMGB  |d OCLCF  |d OCLCO  |d TXA  |d UtOrBLW 
042 |a nsdp  |a pcc 
043 |a n-us-hi 
049 |a TXAM 
050 0 0 |a GB832.H4  |b A4 
050 1 4 |a QE102.48.W3  |b B18 
090 |a QE349.H3  |b B85 
130 0 |a Bulletin (Hawaii. Division of Hydrography)  |0 http://id.loc.gov/authorities/names/no2005012620 
222 0 |a Bulletin - State of Hawaii, Division of Hydrography 
245 1 0 |a Bulletin /  |c Territory of Hawaii, Department of Public Lands, Division of Hydrography. 
264 1 |a [Honolulu] :  |b Territory of Hawaii, Department of Public Lands, Division of Hydrography :  |b Distributed by the U.S. Geological Survey,  |c 1935-1960. 
300 |a 13 volumes :  |b illustrations, plates, maps (part folded), tables (part folded) diagrams (part folded) ;  |c 24 cm. 
336 |a text  |b txt  |2 rdacontent 
337 |a unmediated  |b n  |2 rdamedia 
338 |a volume  |b nc  |2 rdacarrier 
362 0 |a 1-13. 
550 |a Prepared in cooperation with: U.S. Geological Survey. 
650 0 |a Hydrology  |z Hawaii. 
650 0 |a Water-supply  |z Hawaii. 
650 0 |a Geology  |z Hawaii. 
650 7 |a Geology.  |2 fast  |0 (OCoLC)fst00940627 
650 7 |a Hydrology.  |2 fast  |0 (OCoLC)fst00965147 
650 7 |a Water-supply.  |2 fast  |0 (OCoLC)fst01172350 
651 7 |a Hawaii.  |2 fast  |0 (OCoLC)fst01208724 
710 1 |a Hawaii.  |b Division of Hydrography.  |0 http://id.loc.gov/authorities/names/n82075617 
710 2 |a Geological Survey (U.S.)  |0 http://id.loc.gov/authorities/names/n80092173 
776 0 8 |i Online version:  |t Bulletin (Hawaii. Division of Hydrography)  |w (OCoLC)565674939 
776 0 8 |i Online version:  |t Bulletin (Hawaii. Division of Hydrography)  |w (OCoLC)606527961 
785 0 0 |t Bulletin (Hawaii Water Authority)  |w (OCoLC)25570937 
850 |a CU-RivA  |a DLC  |a MH-GS  |a ViW 
994 |a C0  |b TXA 
949 |a updated  |b h  |c 2016/10/19  |e coplinger  |f 12:52:25 pm 
999 f f |s 7d074786-bb50-379b-99d6-781fa62e84e9  |i f286ddae-cfab-3ca7-b9f0-381791ae9770  |t 0 
952 f f |p ric  |a Texas A&M University  |b Rellis Campus  |c Joint Library Facility  |d Remote Storage  |t 0  |e QE349.H3 B85  |h Library of Congress classification  |i unmediated -- volume  |k [no.]9  |m A14813830685 
952 f f |p ric  |a Texas A&M University  |b Rellis Campus  |c Joint Library Facility  |d Remote Storage  |t 0  |e QE349.H3 B85  |h Library of Congress classification  |i unmediated -- volume  |k [no.]4-6  |m A14813830651 
952 f f |p ric  |a Texas A&M University  |b Rellis Campus  |c Joint Library Facility  |d Remote Storage  |t 0  |e QE349.H3 B85  |h Library of Congress classification  |i unmediated -- volume  |k [no.]13  |m A14813830545 
952 f f |p ric  |a Texas A&M University  |b Rellis Campus  |c Joint Library Facility  |d Remote Storage  |t 0  |e QE349.H3 B85  |h Library of Congress classification  |i unmediated -- volume  |k [no.]7  |m A14813830669 
952 f f |p ric  |a Texas A&M University  |b Rellis Campus  |c Joint Library Facility  |d Remote Storage  |t 0  |e QE349.H3 B85  |h Library of Congress classification  |i unmediated -- volume  |k [no.]8  |m A14813830677 
952 f f |p ric  |a Texas A&M University  |b Rellis Campus  |c Joint Library Facility  |d Remote Storage  |t 0  |e QE349.H3 B85  |h Library of Congress classification  |i unmediated -- volume  |k [no.]1-3  |m A14813830800 
952 f f |p ric  |a Texas A&M University  |b Rellis Campus  |c Joint Library Facility  |d Remote Storage  |t 0  |e QE349.H3 B85  |h Library of Congress classification  |i unmediated -- volume  |k [no.]10-12  |m A14813830537 
998 f f |a QE349.H3 B85  |s no.1-13  |t 0  |l Remote Storage